000 00277nam a2200121Ia 4500
008 190216s9999||||xx |||||||||||||| ||und||
100 _aGemma M D`Cunha
245 0 _aMiddling Tales
260 _bSterling Publications
_c1994
300 _a135p
650 _aNovel
942 _cBK
999 _c14087
_d14087